লোডিং...

Noncircular Gears

গ্রন্থ-পঞ্জীর বিবরন
প্রধান লেখক: Faudor L Litvin
প্রকাশিত: CUP
LEADER 00180 a2200097 4500
020
260 |b CUP 
942 |c BK  |6 _ 
245 |a Noncircular Gears  
100 |a Faudor L Litvin  
999 |c 64217  |d 64217